My Bible story book. (Record no. 3449)

000 -LEADER
fixed length control field 00607nam a2200181 a 4500
001 - CONTROL NUMBER
control field :::00001180$&:&@@
003 - CONTROL NUMBER IDENTIFIER
control field OkBaRHE
005 - DATE AND TIME OF LATEST TRANSACTION
control field 20100331161113.0
008 - FIXED-LENGTH DATA ELEMENTS--GENERAL INFORMATION
fixed length control field s1988 j 000 0 eng u
040 ## - CATALOGING SOURCE
Transcribing agency
100 1# - MAIN ENTRY--PERSONAL NAME
Personal name Korfker, Dena, 1908-
245 10 - TITLE STATEMENT
Title My Bible story book.
260 ## - PUBLICATION, DISTRIBUTION, ETC. (IMPRINT)
Place of publication, distribution, etc Grand Rapids, MI., :
Name of publisher, distributor, etc Kregal Publications
Date of publication, distribution, etc 1988
300 ## - PHYSICAL DESCRIPTION
Extent 512 p. : illus. ;
Dimensions 22 cm.
650 ## - SUBJECT ADDED ENTRY--TOPICAL TERM
Topical term or geographic name as entry element Bible Stories, English
942 ## - ADDED ENTRY ELEMENTS (KOHA)
Source of classification or shelving scheme
Koha item type Books
Copies
Not for loan Source of classification or shelving scheme Barcode Date checked out Damaged status Shelving location Price effective from Date last seen Koha item type Date acquired Full call number Current Location Total Checkouts Withdrawn status Copy number Permanent Location Lost status
  11802010-11-05 General Stacks2010-04-142018-02-20Books2010-04-14BS 551.2 .K65 1988RHEMA Bible Training College2 1RHEMA Bible Training College